000
00320nam a22001337a 4500
020
_a
0-8467-0025-5
082
_a
796.33202022 DIA'R
100
_a
DIAGRAM GROUP
_9
77790
245
_a
RULES OF THE GAMES
260
_a
USA
_b
PADDINGTON
_c
1974
300
_a
320P
650
_a
SPORTS RULES ACC NO-8954
_9
77791
942
_c
BK
999
_c
583009
_d
583009